000 01212cam a2200301 4500
001 ABS63607
008 000000n2001 000 0 eng u
035 _a(Sirsi) u111219
100 _aBarsby, A.
245 _aPrivate roads
260 _c2001
490 _aSolicitors' Journal
_v145(5) 9 February 2001, 114-115(2)
520 _aPrivate roads are governed by different areas of law, including property law, highway law and tort. Looks at some of the issues which cover about 40,000 private roads which exist in England and Wales. Discusses the three main legal categories of private road; whether the public have access; ownership; maintenance; adoption; stopping up and parking problems. Ends with a brief mention of planning issues.
590 _aABS
650 _aPRIVATE ROADS
650 _aOWNERSHIP
650 _aHIGHWAYS
650 _aBUILT ENVIRONMENT-BUILDING MAINTENANCE AND REFURBISHMENT
650 _aOWNERSHIP
650 _aSTOPPING UP
650 _aPARKING RIGHTS
650 _aPLANNING ISSUES
650 _aHIGHWAYS ACT 1980
650 _aROAD TRAFFIC ACT 1988
650 _aNEW ROADS AND STREET WORKS ACT 1991
690 _aTRANSPORT AND COMMUNICATIONS
942 _n0
999 _c66264
_d66264